Caste, class, and power: (Record no. 17789)

MARC details
000 -LEADER
fixed length control field 00787cam a22002651 4500
001 - CONTROL NUMBER
control field 6120412
003 - CONTROL NUMBER IDENTIFIER
control field BDDh-ASL
005 - DATE AND TIME OF LATEST TRANSACTION
control field 20231015025635.0
008 - FIXED-LENGTH DATA ELEMENTS--GENERAL INFORMATION
fixed length control field 720920s1965 cauab b 000 0 eng
010 ## - LIBRARY OF CONGRESS CONTROL NUMBER
LC control number 65025628
015 ## - NATIONAL BIBLIOGRAPHY NUMBER
National bibliography number GB66-11838
035 ## - SYSTEM CONTROL NUMBER
System control number (OCoLC)411150
040 ## - CATALOGING SOURCE
Original cataloging agency DLC
Transcribing agency ODaWU
Modifying agency BDDh-ASL
042 ## - AUTHENTICATION CODE
Authentication code premarc
050 00 - LIBRARY OF CONGRESS CALL NUMBER
Classification number DS422.C3
Item number B4
082 ## - DEWEY DECIMAL CLASSIFICATION NUMBER
Classification number 305.5548
Item number BEC
100 1# - MAIN ENTRY--PERSONAL NAME
Personal name Béteille, André.
245 10 - TITLE STATEMENT
Title Caste, class, and power:
Remainder of title changing patterns of stratification in a Tanjore village/
260 ## - PUBLICATION, DISTRIBUTION, ETC.
Place of publication, distribution, etc. Berkeley:
Name of publisher, distributor, etc. University of California Press,
Date of publication, distribution, etc. 1965.
300 ## - PHYSICAL DESCRIPTION
Extent 238 p.:
Other physical details illus., map.;
Dimensions 24 cm.
504 ## - BIBLIOGRAPHY, ETC. NOTE
Bibliography, etc. note Bibliography: p. [226]-228.
650 #0 - SUBJECT ADDED ENTRY--TOPICAL TERM
Topical term or geographic name entry element Caste
Geographic subdivision India.
906 ## - LOCAL DATA ELEMENT F, LDF (RLIN)
a 7
b cbc
c oclcrpl
d u
e ncip
f 19
g y-gencatlg
942 ## - ADDED ENTRY ELEMENTS (KOHA)
Source of classification or shelving scheme Dewey Decimal Classification
Koha item type Books
Holdings
Withdrawn status Lost status Source of classification or shelving scheme Damaged status Not for loan Collection code Home library Current library Shelving location Date acquired Source of acquisition Total Checkouts Full call number Barcode Date last seen Copy number Price effective from Koha item type Public note
    Dewey Decimal Classification   Not For Loan Non-fiction Asiatic Society Library Asiatic Society Library Harrison Collection 09/09/2020 Donated by Prof. John B. Harrison   305.5548 BEC 100910 09/09/2020 C-1 09/09/2020 Books RARE

Powered by Koha